| 000 | 00690nam a22002297a 4500 | ||
|---|---|---|---|
| 005 | 20241206113924.0 | ||
| 008 | 241206b ||||| |||| 00| 0 eng d | ||
| 020 | _a9788194590200 | ||
| 040 | _cAL | ||
| 041 | _aEnglish | ||
| 082 |
_223 _a340.1 _bCONH |
||
| 100 |
_aWilliam E Conklin _9188217 |
||
| 245 |
_aHegels Laws _b:The legitimacy of a modern legal order |
||
| 260 |
_aBengaluru _bMPP House _c2020 |
||
| 300 |
_a381 p. _bPB _c23x15 cm. |
||
| 365 |
_a1060 _b₹583.27 _c₹ _d₹799.00 _e27% _f28-11-2024 |
||
| 650 |
_aLaw _9188218 |
||
| 650 |
_aPhilosophy _9188219 |
||
| 650 |
_ajurists profiles in legal history _9188220 |
||
| 700 |
_aCONKLIN (William E) _9188221 |
||
| 942 |
_2ddc _cBK |
||
| 999 |
_c232186 _d232186 |
||